Web data mining and applications in business intelligence and counter-terrorism

Guardat en:
Dades bibliogràfiques
Autor principal: Bhavani Thuraisingham
Format: Llibre
Idioma:Undetermined
Publicat: Boca Raton, FL CRC Press 2003
Matèries:
Etiquetes: Afegir etiqueta
Sense etiquetes, Sigues el primer a etiquetar aquest registre!
Thư viện lưu trữ: Trung tâm Học liệu Trường Đại học Cần Thơ
LEADER 00618nam a2200193Ia 4500
001 CTU_58088
008 210402s9999 xx 000 0 und d
082 |a 006.3 
082 |b T536 
100 |a Bhavani Thuraisingham 
245 0 |a Web data mining and applications in business intelligence and counter-terrorism 
245 0 |c Bhavani Thuraisingham 
260 |a Boca Raton, FL 
260 |b CRC Press 
260 |c 2003 
650 |a data mining,web databases,business intelligence,terrorism 
650 |x databases,prvention,databases 
904 |i Minh 
980 |a Trung tâm Học liệu Trường Đại học Cần Thơ